| 000 | 03319cam a22004694a 4500 | ||
|---|---|---|---|
| 001 | 6971370 | ||
| 003 | AQSWEDFR | ||
| 005 | 20220326193251.0 | ||
| 008 | 080407s2008 mauabf b 001 0deng | ||
| 010 | _a 2008014632 | ||
| 020 | _a9780306816079 | ||
| 020 | _a0306816075 | ||
| 024 | _a99932065067 | ||
| 035 |
_a(OCoLC)222664703 _z(OCoLC)191926180 |
||
| 035 | _a(OCoLC)ocn222664703 | ||
| 035 | _a(NNC)6971370 | ||
| 040 |
_aDLC _cDLC _dBTCTA _dBAKER _dOCLCG _dC#P _dCDX _dBWX _dYDXCP _dOrLoB-B |
||
| 043 |
_ancnq--- _an-us--- |
||
| 050 | 0 | 0 |
_aF1526.27 _b.D36 2008 |
| 082 | 0 | 0 |
_a972 _bD177t |
| 100 | 1 |
_aDando-Collins, Stephen. _9621 |
|
| 245 | 1 | 0 |
_aTycoon's war : _bhow Cornelius Vanderbilt invaded a country to overthrow America's most famous military adventurer / _cStephen Dando-Collins. |
| 260 |
_aCambridge, MA : _bDa Capo Press, _cc2008. |
||
| 300 |
_avii, 373 p., [16] p. of plates : _bill., maps ; _c25 cm. |
||
| 504 | _aIncludes bibliographical references (p. 343-346) and index. | ||
| 505 | 0 | 0 |
_g1. _tGun-Barrel Diplomacy -- _g2. _tDown, but Not Out -- _g3. _tEnter the Colonel -- _g4. _tLanding Behind Enemy Lines -- _g5. _tThe Battle of Rivas -- _g6. _tVictory at La Virgen -- _g7. _tWalker's Secret Plan -- _g8. _tTaking Granada -- _g9. _tThe Walker Way -- _g10. _tClosing In on the Prize -- _g11. _tOn a Collision Course -- _g12. _tBlindsiding Vanderbilt -- _g13. _tThe Gathering Storm -- _g14. _tGoing to War with Walker -- _g15. _tThe Battle of Santa Rosa -- _g16. _tCourts-Martial and Firing Squads -- _g17. _tA Killing or Two -- _g18. _tThe Second Battle of Rivas -- _g19. _tPresident Walker -- _g20. _tBattles on All Fronts -- _g21. _tNew Battlegrounds -- _g22. _tWheeling and Dealing -- _g23. _tHere Was Granada -- _g24. _tClosing Nicaragua's Back Door -- _g25. _tOperation San Juan -- _g26. _tTo the Victor, the Spoils -- _g27. _tThe Surrender -- _tThe Protagonists' Motives. |
| 520 | 1 | _a"Tycoon's War tells the story of an epic imperialist duel - a violent battle of the capitalist versus the idealist, money versus ambition, and a monumental clash of egos that resulted in the deaths of thousands of Americans." "Written by Stephen Dando-Collins, this incredible true story, impeccably researched. and never before told in full, is packed with greed, intrigue, and some of the most hair-raising battle scenes ever written. The story of the great tycoon's war reverberates to this day, telling us as much about where America is going as where it has been."--BOOK JACKET. | |
| 600 | 1 | 0 |
_aVanderbilt, Cornelius, _d1794-1877. _9622 |
| 600 | 1 | 0 |
_aWalker, William, _d1824-1860. _9623 |
| 610 | 2 | 0 |
_aCompañía Accesoria del Tránsito _xHistory. _9624 |
| 650 | 0 |
_aBusinessmen _zUnited States _vBiography. _9625 |
|
| 650 | 0 |
_aNicaragua- Historia- Filibusteros 1856-1857 _zNicaragua _xrelaciones militares Nicaragua- Estados Unidos _xHistoria _9626 |
|
| 650 | 0 |
_aFilibusters _zNicaragua _vBiography. _9627 |
|
| 651 | 0 |
_aNicaragua _xHistory _yFilibuster War, 1855-1860. _9628 |
|
| 651 | 0 |
_aUnited States _xMilitary relations _zNicaragua. _9629 |
|
| 651 | 0 |
_aNicaragua _xMilitary relations _zUnited States. _9630 |
|
| 651 | 0 |
_aNicaragua Canal (Nicaragua) _xHistory. _9631 |
|
| 651 | 0 |
_aUnited States _xForeign relations _y1815-1861. _9632 |
|
| 700 |
_aStephen Dando- Collins _9633 |
||
| 900 | _bTOC | ||
| 948 | 1 |
_a20090105 _bc _crad1 _dMPS |
|
| 999 |
_c127 _d127 |
||